The gift of sex: (Record no. 16094)

000 -LEADER
fixed length control field 00569nam a2200181 a 4500
001 - CONTROL NUMBER
control field :::00018743$&:&@@
003 - CONTROL NUMBER IDENTIFIER
control field OkBaRHE
005 - DATE AND TIME OF LATEST TRANSACTION
control field 20001208131752.0
008 - FIXED-LENGTH DATA ELEMENTS--GENERAL INFORMATION
fixed length control field s1981 j 000 0 eng u
040 ## - CATALOGING SOURCE
Transcribing agency
100 1# - MAIN ENTRY--PERSONAL NAME
Personal name Penner, Clifford
245 14 - TITLE STATEMENT
Title The gift of sex:
Remainder of title A guide to sexual fulfillment.
260 ## - PUBLICATION, DISTRIBUTION, ETC. (IMPRINT)
Place of publication, distribution, etc Dallas
Name of publisher, distributor, etc Word Publishing
Date of publication, distribution, etc 1981
300 ## - PHYSICAL DESCRIPTION
Extent 352 p.
700 ## - ADDED ENTRY--PERSONAL NAME
Personal name Clifford and Joyce Penner
942 ## - ADDED ENTRY ELEMENTS (KOHA)
Source of classification or shelving scheme
Koha item type Books
Copies
Withdrawn status Date acquired Koha item type Copy number Source of classification or shelving scheme Shelving location Not for loan Permanent Location Full call number Barcode Date last seen Lost status Damaged status Price effective from
 2010-04-14Books1 General Stacks RHEMA Bible Training CollegeHQ 734 .P395187432010-11-16  2010-04-14